Guía de postes y cercas vivas para el Vichada (Registro nro. 20037)
[ vista simple ]
| 000 -CABECERA | |
|---|---|
| Campo de control | 00784nam a22002657a 4500 |
| 005 - FECHA Y HORA DE LA ULTIMA TRANSACCION | |
| Campo de control | 20180803170438.0 |
| 008 - ELEMENTOS DE LONGITUD FIJA—INFORMACION GENERAL | |
| Campo de control | 171220b2017 ck ||||| |||| 00| 0 spa d |
| 020 ## - ISBN | |
| ISBN | 9789585606500 |
| 040 ## - FUENTE DE CATALOGACIÓN | |
| Agencia catalogadora original | CO-BoIAVH |
| Agencia transcriptora | CO-BoIAVH |
| 041 ## - IDIOMA | |
| Código de idioma para texto/pista de sonido o título separado | Español |
| 044 ## - PAÍS DE PUBLICACIÓN | |
| País de publicación | Colombia |
| 082 ## - NUMERO DE CLASIFICACION DECIMAL DEWEY | |
| Número de clasificación | 631.27 |
| Número del ítem | C82g |
| 110 1# - ASIENTO PRINCIPAL--NOMBRE CORPORATIVO | |
| Nombre corporativo o de jurisdicción como elemento de entrada | Corporación Ambiental la Pedregoza |
| 9 (RLIN) | 88065 |
| 245 2# - MENCION DE TITULO | |
| Título | Guía de postes y cercas vivas para el Vichada |
| 260 ## - PUBLICACION, DISTRIBUCION, ETC. (PIE DE IMPRENTA) | |
| Lugar de publicación, distribución, etc. | Bogotá: |
| Nombre del editor, distribuidor, etc. | Corporación Ambiental la Pedregoza , |
| Fecha de publicación, distribución, etc. | 2017. |
| 300 ## - DESCRIPCION FISICA | |
| Extensión | 60 páginas |
| Dimensiones | 28 x 21cm |
| 650 14 - ASIENTO SECUNDARIO DE MATERIA - TERMINO TEMATICO | |
| Término temático o nombre geográfico como elemento de entrada | Cercas vivas |
| 9 (RLIN) | 92490 |
| 650 14 - ASIENTO SECUNDARIO DE MATERIA - TERMINO TEMATICO | |
| Término temático o nombre geográfico como elemento de entrada | Especies forestales |
| 9 (RLIN) | 92707 |
| 650 14 - ASIENTO SECUNDARIO DE MATERIA - TERMINO TEMATICO | |
| Término temático o nombre geográfico como elemento de entrada | Zonas degradadas |
| 9 (RLIN) | 88068 |
| 650 14 - ASIENTO SECUNDARIO DE MATERIA - TERMINO TEMATICO | |
| Término temático o nombre geográfico como elemento de entrada | Siembra |
| 9 (RLIN) | 88069 |
| 650 14 - ASIENTO SECUNDARIO DE MATERIA - TERMINO TEMATICO | |
| Término temático o nombre geográfico como elemento de entrada | Conservación |
| 9 (RLIN) | 92401 |
| 650 14 - ASIENTO SECUNDARIO DE MATERIA - TERMINO TEMATICO | |
| Término temático o nombre geográfico como elemento de entrada | Río Bita |
| 9 (RLIN) | 88071 |
| 650 14 - ASIENTO SECUNDARIO DE MATERIA - TERMINO TEMATICO | |
| Término temático o nombre geográfico como elemento de entrada | Cuenca |
| 9 (RLIN) | 88072 |
| 942 ## - ELEMENTOS ADICIONALES (KOHA) | |
| Sistema de clasificación | Dewey Decimal Classification |
| Tipo de ítem | Libro |
| Withdrawn status | Lost status | Sistema de Clasificación | Damaged status | No para préstamo | Colección | Ubicación Permanente | Ubicación actual | Fecha de adquisición | Total Checkouts | Número topográfico | Inventario / Código de Barras | Date last seen | Ejemplar | Price effective from | Forma de adquisición | Tipo de material |
|---|---|---|---|---|---|---|---|---|---|---|---|---|---|---|---|---|
| Dewey Decimal Classification | General | Bogotá | Bogotá | 20/12/2017 | LB-631.27 C82g | 043379 | 20/12/2017 | Ej. 1 | 20/12/2017 | Donación | Libro |